000 00955nam a2200217Ia 4500
003 GCL
008 140319s9999 xx 000 0 ara d
040 _aGCL /
_cGCL
082 0 4 _aط
_b813.02
_bم ج
100 1 _aمحمد احمد برانق
245 1 0 _aسلسلة جدتى حكت لى: ماء الشفاء- الطائر الفضى- سلة المفاجات- حسناء المرعى- رباب فى بلاد السحاب- اميرة الورد الابيض- منظار الحوريات- اطفال البحر- حيلة الجدة سالى- علياء واميرة الزهر /
_cمحمد احمد برانق
700 1 _aمحمد شفيق عطا
260 _aالقاهرة :
_bدار المعارف ،
_c1991
300 _aمتعدد ؛
_c22 سم
490 _aجدتى حكت لى
_v0
650 0 4 _aالاطفال
650 0 4 _aالقصص الاجتماعية
650 0 4 _aالقصص
650 0 4 _aقصص الاطفال
942 _2ddc
_cBK
999 _c56387
_d56387